01027nam a2200229Ia 4500003000900000008004100009020001800050040001600068080001800084111010100102245024600203260004400449300001600493650001900509650002200528650002200550700002600572710004900598942000700647999001700654952012600671IN-BaIIA211028s9999 xx 000 0 eng d a05-89118-58-8 cIIA Library a524.3-54bMOD aInternational Conference on Modern Problems of Stellar EvolutioncRussiad1998 Oct. 13-15922802 0aModern problems of stellar evolutionbproceedings of the International conference in honor of Prof. A. G Massevitch's 80th birthday held in Zvenigorod, Russia, 13-15 Oct 1998cedited by D. S. Weibe  aGeosbRussian Academy of Sciencesc1998 aviii, 311p. aStar formation aStellar evolution astellar structure aWeibe, D.S ed.922803 aRussian Academy of Sciences 922804 cBK c12985d12985 00104070aBANbBANcGENd1999-05-25g1686.00l0o524.3-54/ MODp13902r2021-11-05v1686.00w1999-05-25yBKGRs. 1686.00